[Event "2BLS 1819 TSV Schönaich - SV Jedesheim"]
[Site "?"]
[Date "2019.02.24"]
[Round "8.7"]
[White "Roemer, Ulrich"]
[Black "Wenninger, Philipp"]
[Result "0-1"]
[WhiteElo "2194"]
[BlackElo "2391"]
[PlyCount "80"]
[EventDate "2019.??.??"]

1. d4 d5 2. Nf3 Nf6 3. e3 c5 4. c4 cxd4 5. exd4 Nc6 6. Nc3 Be6 7. Bg5 Ne4 8.
Nxe4 dxe4 9. d5 exf3 10. dxc6 Qa5+ 11. Qd2 Qe5+ 12. Be3 bxc6 13. O-O-O g6 14.
gxf3 Bg7 15. Bd4 Qxd4 16. Qxd4 Bxd4 17. Rxd4 Rd8 18. Rxd8+ Kxd8 19. f4 Kc7 20.
Be2 h5 21. h4 a5 22. Kc2 Rb8 23. Kc3 c5 24. Rd1 Rb6 25. Rd3 Ra6 26. Bf3 Bd7 27.
Kd2 Rb6 28. b3 a4 29. Bd5 Bf5 30. Re3 e6 31. Bf3 a3 32. Re5 Kd6 33. Kc1 Rb8 34.
Re2 Ke7 35. Rd2 f6 36. Bd1 Rg8 37. Bf3 g5 38. Bc6 Rc8 39. Rd7+ Kf8 40. fxg5
Rxc6 0-1

[Event "2BLS 1819 TSV Schönaich - SV Jedesheim"]
[Site "?"]
[Date "2019.02.24"]
[Round "8.8"]
[White "Lorscheid, Gerhard"]
[Black "Engelhart, Achim"]
[Result "1-0"]
[WhiteElo "2202"]
[BlackElo "2114"]
[PlyCount "151"]
[EventDate "2019.??.??"]

1. Nf3 c5 2. c4 Nc6 3. Nc3 e5 4. g3 g6 5. Bg2 Bg7 6. d3 Nge7 7. Nd2 O-O 8. Nf1
d6 9. Ne3 Be6 10. Ned5 Qd7 11. Bg5 f6 12. Bd2 Bh3 13. O-O Bxg2 14. Kxg2 Nxd5
15. Nxd5 Ne7 16. Nc3 f5 17. Rb1 a5 18. Qa4 Qxa4 19. Nxa4 Ra6 20. b3 b6 21. Nc3
Bf6 22. a3 Rd8 23. e4 Kg7 24. f3 h6 25. Nb5 Rd7 26. h4 Ra8 27. b4 axb4 28. axb4
Ra2 29. Rf2 f4 30. Bc3 Rxf2+ 31. Kxf2 Nc6 32. Bd2 fxg3+ 33. Kxg3 Nd4 34. Nxd4
exd4 35. Ra1 Rb7 36. b5 h5 37. Bf4 Be5 38. Bxe5+ dxe5 39. f4 Kf6 40. Ra8 Re7
41. Rb8 Re6 42. Rb7 Rd6 43. fxe5+ Kxe5 44. Re7+ Kf6 45. Re8 Kf7 46. Rb8 Rf6 47.
Rb7+ Ke8 48. e5 Rf5 49. Rxb6 Rxe5 50. Rxg6 Re3+ 51. Kf4 Rxd3 52. Rc6 Rh3 53.
Kg5 Rc3 54. b6 Rb3 55. Rxc5 Rxb6 56. Rd5 Rc6 57. Rxd4 Rc5+ 58. Kf6 Rc6+ 59. Ke5
Ke7 60. Kd5 Kd7 61. Rf4 Rh6 62. Rf7+ Kd8 63. c5 Kc8 64. Rf5 Kc7 65. Ke4 Kc6 66.
Kf4 Re6 67. Rxh5 Re1 68. Re5 Rh1 69. h5 Rh2 70. Kg5 Rg2+ 71. Kf6 Rh2 72. Kg6
Rg2+ 73. Rg5 Re2 74. h6 Re6+ 75. Kg7 Re7+ 76. Kf6 1-0

[Event "2BLS 1819 SC Eppingen - SC Heusenstamm"]
[Site "?"]
[Date "2019.02.24"]
[Round "8.1"]
[White "Sadzikowski, Daniel"]
[Black "Noe, Christopher"]
[Result "1/2-1/2"]
[WhiteElo "2516"]
[BlackElo "2519"]
[PlyCount "81"]
[EventDate "2019.??.??"]

1. e4 e5 2. Nf3 Nc6 3. Bc4 Bc5 4. O-O Nf6 5. d3 d6 6. c3 O-O 7. Bg5 h6 8. Bh4
g5 9. Bg3 Bb6 10. Nbd2 Nh7 11. h3 h5 12. Kh1 Kg7 13. b4 f5 14. exf5 Bxf5 15. a4
a5 16. b5 Ne7 17. d4 g4 18. Nxe5 dxe5 19. Bxe5+ Nf6 20. f3 Ng6 21. fxg4 Nxe5
22. gxf5 Nxc4 23. Nxc4 Qd5 24. Qd3 Kh7 25. Rae1 Rae8 26. Re6 Bc5 27. Rf3 Be7
28. Rfe3 Bd8 29. R3e5 Qd7 30. Re2 Kg8 31. Ne5 Qg7 32. d5 Be7 33. Ng6 Bc5 34.
Nxf8 Rxf8 35. Qc4 Bd6 36. Qh4 Bg3 37. Qd4 Qg5 38. Qe3 Bf4 39. Qf3 b6 40. c4 Bg3
41. Qe3 {(=)} 1/2-1/2

[Event "2BLS 1819 SC Eppingen - SC Heusenstamm"]
[Site "?"]
[Date "2019.02.24"]
[Round "8.2"]
[White "Mesaros, Florian"]
[Black "Krejci, Jan"]
[Result "0-1"]
[WhiteElo "2449"]
[BlackElo "2558"]
[PlyCount "68"]
[EventDate "2019.??.??"]

1. d4 Nf6 2. c4 e6 3. Nc3 d5 4. cxd5 Nxd5 5. e4 Nxc3 6. bxc3 c5 7. Nf3 cxd4 8.
cxd4 Bb4+ 9. Bd2 Bxd2+ 10. Qxd2 O-O 11. Be2 b6 12. O-O Bb7 13. Qe3 Nd7 14. Nd2
Rc8 15. Rfb1 Nb8 16. Nc4 Nc6 17. Rd1 Rc7 18. d5 exd5 19. exd5 Nb4 20. d6 Rc5
21. Rd2 Nd5 22. Qd4 Qg5 23. h4 Qh6 24. Rad1 Nf4 25. d7 Rd8 26. Ne3 Qxh4 27. Bg4
Qg5 28. Re1 h5 29. g3 hxg4 30. gxf4 Qh6 31. Ng2 Bc6 32. Qe3 Rh5 33. f3 g3 34.
Kf1 Bb5+ 0-1

[Event "2BLS 1819 SC Eppingen - SC Heusenstamm"]
[Site "?"]
[Date "2019.02.24"]
[Round "8.3"]
[White "Poetsch, Hagen"]
[Black "Medvegy, Zoltan"]
[Result "1/2-1/2"]
[WhiteElo "2509"]
[BlackElo "2542"]
[PlyCount "34"]
[EventDate "2019.??.??"]

1. e4 c5 2. Nf3 e6 3. d4 cxd4 4. Nxd4 Nc6 5. Nc3 Qc7 6. Be3 a6 7. Qd2 Nf6 8. f4
Bb4 9. Bd3 Na5 10. a3 Bxc3 11. Qxc3 Qxc3+ 12. bxc3 d5 13. exd5 exd5 14. Nb3 Nc4
15. Bd4 Ne4 16. Bxc4 dxc4 17. Nd2 Nxd2 {(=)} 1/2-1/2

[Event "2BLS 1819 SC Eppingen - SC Heusenstamm"]
[Site "?"]
[Date "2019.02.24"]
[Round "8.4"]
[White "Guliyev, Namig"]
[Black "Polak, Tomas"]
[Result "1/2-1/2"]
[WhiteElo "2535"]
[BlackElo "2510"]
[PlyCount "71"]
[EventDate "2019.??.??"]

1. e4 c6 2. d4 d5 3. Nc3 dxe4 4. Nxe4 Bf5 5. Ng3 Bg6 6. Nh3 e6 7. Bc4 Bd6 8.
Nf4 Nf6 9. Bb3 Nbd7 10. O-O O-O 11. c3 Re8 12. Re1 a5 13. Nxg6 hxg6 14. Nf1 Qc7
15. g3 e5 16. Bg5 exd4 17. Rxe8+ Rxe8 18. cxd4 Nb6 19. Qc2 Nbd5 20. a3 Kf8 21.
Rd1 Ne4 22. Bc1 Nef6 23. Nd2 Qe7 24. Nc4 Bc7 25. Ne5 Bxe5 26. dxe5 Qxe5 27.
Qc5+ Kg8 28. Qxa5 Qh5 29. Re1 Rxe1+ 30. Qxe1 Ng4 31. h4 Ne5 32. Qe4 Nf6 33. Qe3
Nd5 34. Qe4 Nf6 35. Qe3 Nd5 36. Qe4 1/2-1/2

[Event "2BLS 1819 SC Eppingen - SC Heusenstamm"]
[Site "?"]
[Date "2019.02.24"]
[Round "8.5"]
[White "Wieczorek, Oskar"]
[Black "Bilchinski, Anton"]
[Result "1-0"]
[WhiteElo "2492"]
[BlackElo "2277"]
[PlyCount "90"]
[EventDate "2019.??.??"]

1. c4 Nf6 2. g3 e5 3. Bg2 Nc6 4. Nf3 d5 5. cxd5 Nxd5 6. O-O Be7 7. d4 exd4 8.
Nxd4 Nxd4 9. Qxd4 Nf6 10. Qxd8+ Bxd8 11. Nc3 c6 12. Bf4 Be7 13. Rfd1 Be6 14. e4
Nd7 15. Be3 Nb6 16. b3 O-O 17. f4 g6 18. Kf2 Rfd8 19. Bf3 Rxd1 20. Rxd1 Rd8 21.
Rc1 f5 22. exf5 Bxf5 23. g4 Be6 24. h3 Ba3 25. Rc2 Nc8 26. Ne4 Be7 27. Nc5 Bxc5
28. Bxc5 a6 29. Re2 Kf7 30. h4 Rd7 31. h5 gxh5 32. g5 Bg4 33. Bxg4 hxg4 34. Kg3
Rd5 35. Ba3 c5 36. Rh2 Kg8 37. Kxg4 Nd6 38. Bb2 c4 39. Be5 b5 40. bxc4 bxc4 41.
Rb2 Nf7 42. Bf6 Rb5 43. Re2 Rb8 44. Re6 Rc8 45. Bc3 a5 1-0

[Event "2BLS 1819 SC Eppingen - SC Heusenstamm"]
[Site "?"]
[Date "2019.02.24"]
[Round "8.6"]
[White "Hacker, Jonas"]
[Black "Klekowski, Maciej"]
[Result "0-1"]
[WhiteElo "2369"]
[BlackElo "2494"]
[PlyCount "56"]
[EventDate "2019.??.??"]

1. e4 e5 2. Nf3 Nc6 3. Bb5 a6 4. Ba4 Nf6 5. O-O Be7 6. Re1 b5 7. Bb3 d6 8. c3
O-O 9. h3 Nd7 10. d4 Na5 11. Bc2 c5 12. d5 Nb6 13. b3 f5 14. exf5 Bxf5 15. Bxf5
Rxf5 16. Re4 Qd7 17. Na3 Raf8 18. Be3 Rxf3 19. gxf3 Qxh3 20. c4 bxc4 21. Nxc4
Naxc4 22. bxc4 Rf6 23. Rg4 Rxf3 24. Rg2 Nxc4 25. Bh6 Bf8 26. Bxg7 Bxg7 27. Qa4
Rf4 28. Rb1 Qxg2+ 0-1

[Event "2BLS 1819 SC Eppingen - SC Heusenstamm"]
[Site "?"]
[Date "2019.02.24"]
[Round "8.7"]
[White "Barski, Radoslaw"]
[Black "Mann, Christian"]
[Result "1-0"]
[WhiteElo "2467"]
[BlackElo "2401"]
[PlyCount "81"]
[EventDate "2019.??.??"]

1. e4 e6 2. d4 d5 3. e5 c5 4. c3 Nc6 5. Nf3 Qb6 6. Na3 cxd4 7. cxd4 Bxa3 8.
bxa3 Qa5+ 9. Bd2 Qxa3 10. Rb1 Nh6 11. Bb5 Bd7 12. Bxc6 Bxc6 13. Bxh6 gxh6 14.
O-O Rg8 15. Rb3 Qxa2 16. Qd3 Rg7 17. Rc1 Qa5 18. Qe3 Rg6 19. Ne1 Qd8 20. Nd3 a5
21. Nf4 a4 22. Rbc3 Qg5 23. Qd2 a3 24. h4 Qxh4 25. Nxg6 fxg6 26. Ra1 Ra4 27.
Rd3 Qe7 28. Qc1 Qb4 29. Raxa3 Rxa3 30. Qxa3 Qe1+ 31. Kh2 Qxf2 32. Qc3 g5 33.
Rf3 Qh4+ 34. Kg1 g4 35. g3 Qd8 36. Rf6 Qb6 37. Rxe6+ Kd7 38. Rd6+ Kc7 39. Qd2
Qb1+ 40. Kh2 h5 41. Rf6 1-0

[Event "2BLS 1819 SC Eppingen - SC Heusenstamm"]
[Site "?"]
[Date "2019.02.24"]
[Round "8.8"]
[White "Gibicar, Danijel"]
[Black "Weichhold, Pawel"]
[Result "0-1"]
[WhiteElo "2272"]
[BlackElo "2424"]
[PlyCount "70"]
[EventDate "2019.??.??"]

1. e4 c5 2. Nf3 Nc6 3. d4 cxd4 4. Nxd4 e5 5. Nb5 d6 6. N1c3 a6 7. Na3 b5 8. Nd5
Nge7 9. c4 Nd4 10. Bd3 Nxd5 11. cxd5 g6 12. O-O Bg7 13. Be3 O-O 14. Rc1 Bd7 15.
Qd2 f5 16. Bxd4 fxe4 17. Bxe4 exd4 18. g3 Qf6 19. f4 d3 20. Rf2 Rae8 21. Bxd3
Re7 22. b3 Rfe8 23. Nc2 Qb2 24. Qd1 Bh3 25. f5 gxf5 26. Ne3 Rxe3 27. Rxb2 Bxb2
28. Rb1 Bd4 29. Kh1 Bc3 30. Bf1 Bxf1 31. Qh5 Bd3 32. Qg5+ Kh8 33. Rc1 Bd4 34.
h4 Rg8 35. Qf4 Be4+ 0-1

[Event "2BLS 1819 SF Bad Mergentheim - SV Gries"]
[Site "?"]
[Date "2019.02.24"]
[Round "8.1"]
[White "Jarmula, Lukasz"]
[Black "Rakotomaharo, Fy Antenaina"]
[Result "0-1"]
[WhiteElo "2483"]
[BlackElo "2412"]
[PlyCount "64"]
[EventDate "2019.??.??"]

1. e4 c5 2. Nf3 d6 3. d4 cxd4 4. Nxd4 Nf6 5. Nc3 a6 6. Be2 e5 7. Nb3 Be7 8. Be3
Be6 9. g4 h6 10. h4 d5 11. exd5 Nxd5 12. Nxd5 Bxd5 13. Bf3 e4 14. Bg2 a5 15.
Nd2 O-O 16. Nxe4 Ra6 17. Qe2 Qc7 18. g5 Bb4+ 19. c3 Bxc3+ 20. Nxc3 Bxg2 21. Rg1
Qc6 22. gxh6 g6 23. Qg4 Bf3 24. h7+ Kxh7 25. Qf4 Qf6 26. Qh6+ Kg8 27. Qg5 Rd8
28. Kf1 Rad6 29. Re1 Bc6 30. Bf4 Re6 31. Be5 Qxg5 32. Rxg5 Bf3 0-1

[Event "2BLS 1819 SF Bad Mergentheim - SV Gries"]
[Site "?"]
[Date "2019.02.24"]
[Round "8.2"]
[White "Karpatchev, Aleksandr"]
[Black "Tazbir, Marcin"]
[Result "1-0"]
[WhiteElo "2406"]
[BlackElo "2542"]
[PlyCount "89"]
[EventDate "2019.??.??"]

1. e4 c5 2. c3 Nf6 3. e5 Nd5 4. Nf3 Nc6 5. Bc4 Nb6 6. Bb3 c4 7. Bc2 d6 8. exd6
Qxd6 9. O-O g6 10. b3 Bg7 11. Na3 cxb3 12. axb3 O-O 13. d4 Be6 14. Ng5 Bd7 15.
Nc4 Nxc4 16. bxc4 Qc7 17. Qf3 h6 18. Ne4 b6 19. Re1 Rae8 20. Ba3 Bf5 21. Ba4
Bd7 22. Qg3 Qd8 23. c5 Na5 24. Bc2 Bb5 25. cxb6 axb6 26. Rab1 Qd7 27. Nd2 Kh7
28. h4 Kh8 29. h5 g5 30. Bxe7 Rxe7 31. Rxe7 Qxe7 32. Rxb5 Qe1+ 33. Nf1 Qe2 34.
Qd3 Qxd3 35. Bxd3 Rc8 36. Rxb6 Bf8 37. c4 Nxc4 38. Bxc4 Rxc4 39. Rb8 Kg7 40.
Rd8 Rc1 41. g4 Be7 42. Rd7 Kf8 43. Kg2 Ke8 44. Rd5 Rc6 45. Ne3 1-0

[Event "2BLS 1819 SF Bad Mergentheim - SV Gries"]
[Site "?"]
[Date "2019.02.24"]
[Round "8.3"]
[White "Walter, Stefan"]
[Black "Ikonnikov, Vyacheslav"]
[Result "1/2-1/2"]
[WhiteElo "2403"]
[BlackElo "2524"]
[PlyCount "95"]
[EventDate "2019.??.??"]

1. d4 Nf6 2. c4 e6 3. g3 Bb4+ 4. Bd2 a5 5. Bg2 d6 6. e4 e5 7. Ne2 Nc6 8. d5 Ne7
9. O-O O-O 10. h3 c6 11. Nbc3 cxd5 12. cxd5 b6 13. a3 Bc5 14. Rb1 Ba6 15. Bg5
a4 16. Bxf6 gxf6 17. Kh2 Bc4 18. f4 b5 19. Rf3 Kh8 20. Bf1 f5 21. fxe5 dxe5 22.
exf5 Nxd5 23. Nxd5 Qxd5 24. Nc3 Qxd1 25. Rxd1 Rfd8 26. Rxd8+ Rxd8 27. Bxc4 bxc4
28. g4 Rd2+ 29. Kg3 Bd4 30. Nxa4 e4 31. Rf1 Be5+ 32. Kh4 e3 33. Re1 Bf4 34. Nc3
h6 35. a4 Rg2 36. Re2 Rg1 37. Ne4 Kg7 38. Kh5 Rh1 39. h4 Rc1 40. g5 hxg5 41.
hxg5 Ra1 42. Kg4 Rf1 43. Nf6 Be5 44. Nd5 Rg1+ 45. Kh5 Rh1+ 46. Kg4 Rg1+ 47. Kh5
Rh1+ 48. Kg4 1/2-1/2

[Event "2BLS 1819 SF Bad Mergentheim - SV Gries"]
[Site "?"]
[Date "2019.02.24"]
[Round "8.4"]
[White "Panzalovic, Srdjan"]
[Black "Baskin, Robert"]
[Result "1/2-1/2"]
[WhiteElo "2427"]
[BlackElo "2386"]
[PlyCount "22"]
[EventDate "2019.??.??"]

1. Nf3 c5 2. c4 Nf6 3. g3 b6 4. Bg2 Bb7 5. O-O e6 6. Nc3 Be7 7. b3 O-O 8. d4 d5
9. Ne5 cxd4 10. Qxd4 Bc5 11. Qf4 Qc8 1/2-1/2

[Event "2BLS 1819 SF Bad Mergentheim - SV Gries"]
[Site "?"]
[Date "2019.02.24"]
[Round "8.5"]
[White "Nothnagel, Marian Can"]
[Black "Gasthofer, Alexander"]
[Result "0-1"]
[WhiteElo "2358"]
[BlackElo "2417"]
[PlyCount "62"]
[EventDate "2019.??.??"]

1. e4 e6 2. d3 b6 3. g3 d5 4. Nd2 Bb7 5. Bg2 Nd7 6. Ngf3 g6 7. O-O Bg7 8. Re1
Ne7 9. e5 Nc6 10. d4 O-O 11. Nf1 f6 12. exf6 Qxf6 13. Bg5 Qf7 14. Bf4 Nxd4 15.
Nxd4 e5 16. Nf3 exf4 17. Ng5 Qf5 18. gxf4 Qxf4 19. Bxd5+ Bxd5 20. Qxd5+ Kh8 21.
Qg2 Ne5 22. Re3 Rae8 23. Rae1 h6 24. Nh3 Qf7 25. Qe4 Qd7 26. Kg2 Kh7 27. R1e2
Nf3 28. Qxe8 Qg4+ 29. Ng3 Rxe8 30. Rxe8 Nh4+ 31. Kh1 Qf3+ 0-1

[Event "2BLS 1819 SF Bad Mergentheim - SV Gries"]
[Site "?"]
[Date "2019.02.24"]
[Round "8.6"]
[White "Ivanov, Mikhail M"]
[Black "Grabarczyk, Bogdan"]
[Result "1/2-1/2"]
[WhiteElo "2387"]
[BlackElo "2374"]
[PlyCount "35"]
[EventDate "2019.??.??"]

1. Nf3 d5 2. c4 dxc4 3. e3 Nf6 4. Bxc4 a6 5. b3 b5 6. Be2 Bb7 7. Bb2 Nbd7 8.
O-O e6 9. a4 b4 10. d3 c5 11. e4 Qb8 12. Nbd2 Bd6 13. Nc4 Bc7 14. Rc1 O-O 15.
Rc2 Ng4 16. a5 Ndf6 17. Nh4 Nh6 18. Bc1 1/2-1/2

[Event "2BLS 1819 SF Bad Mergentheim - SV Gries"]
[Site "?"]
[Date "2019.02.24"]
[Round "8.7"]
[White "Koehler, Ronald"]
[Black "Reinhardt, Bernd"]
[Result "1/2-1/2"]
[WhiteElo "2263"]
[BlackElo "2145"]
[PlyCount "28"]
[EventDate "2019.??.??"]

1. d4 g6 2. c4 Bg7 3. e4 d6 4. Nc3 Nd7 5. Be3 e5 6. Nge2 Ngf6 7. f3 O-O 8. Qd2
a6 9. d5 Nb6 10. Nc1 Nh5 11. b4 f5 12. Nb3 Nd7 13. O-O-O Ndf6 14. Bd3 fxe4
1/2-1/2

[Event "2BLS 1819 SF Bad Mergentheim - SV Gries"]
[Site "?"]
[Date "2019.02.24"]
[Round "8.8"]
[White "Gasthofer, Viktor"]
[Black "De Visser, Leon"]
[Result "1/2-1/2"]
[WhiteElo "2308"]
[BlackElo "2234"]
[PlyCount "22"]
[EventDate "2019.??.??"]

1. c4 c6 2. Nf3 d5 3. e3 Nf6 4. Nc3 e6 5. d4 Nbd7 6. Qc2 Bd6 7. Bd3 dxc4 8.
Bxc4 b5 9. Bd3 Bb7 10. O-O O-O 11. Rd1 Qe7 1/2-1/2

[Event "2BLS 1819 OSG Baden-Baden II - SV Gries"]
[Site "?"]
[Date "2019.03.23"]
[Round "9.1"]
[White "Jarmula, Lukasz"]
[Black "Muzychuk, Mariya"]
[Result "1-0"]
[WhiteElo "2477"]
[BlackElo "2560"]
[PlyCount "121"]
[EventDate "2019.??.??"]

1. e4 e5 2. Nf3 Nc6 3. Bb5 a6 4. Ba4 Nf6 5. O-O Nxe4 6. d4 b5 7. Bb3 d5 8. dxe5
Be6 9. Qe2 Nc5 10. Rd1 Nxb3 11. cxb3 Be7 12. Nc3 O-O 13. Bf4 Qd7 14. Rd2 Rad8
15. Rad1 Qc8 16. Qe3 Qb7 17. Nxd5 Bxd5 18. Rxd5 Qc8 19. Bg5 Rxd5 20. Rxd5 Nb4
21. Rd1 Bxg5 22. Qxg5 Nxa2 23. Qe7 c5 24. Ng5 h6 25. e6 hxg5 26. Rd7 g6 27. Qd6
Kg7 28. h4 gxh4 29. e7 Re8 30. Rd8 Qe6 31. Qxe6 fxe6 32. Rxe8 Kf7 33. Ra8 Kxe7
34. Ra7+ Kf6 35. Rxa6 Nc1 36. Ra5 Ne2+ 37. Kh2 Nd4 38. Kh3 Kg5 39. b4 cxb4 40.
Ra8 b3 41. Rd8 e5 42. Rc8 Ne6 43. Rc3 Nd4 44. Rc5 Kf5 45. Kxh4 Ke4 46. Rc3 b4
47. Re3+ Kf4 48. g3+ Kf5 49. f3 Kf6 50. Kg4 g5 51. Rd3 Kg6 52. Re3 Kf6 53. Re4
Nc2 54. Re2 Ke6 55. Kxg5 Nd4 56. Re3 Nf5 57. Rxb3 Nxg3 58. Rxb4 Kd5 59. Rb8 e4
60. Kg4 Nf1 61. Rd8+ 1-0

[Event "2BLS 1819 OSG Baden-Baden II - SV Gries"]
[Site "?"]
[Date "2019.03.23"]
[Round "9.2"]
[White "Gozzoli, Yannick"]
[Black "Tazbir, Marcin"]
[Result "0-1"]
[WhiteElo "2633"]
[BlackElo "2536"]
[PlyCount "106"]
[EventDate "2019.??.??"]

1. d4 Nf6 2. Nf3 e6 3. c4 b6 4. g3 Ba6 5. Qc2 Bb7 6. Bg2 c5 7. d5 exd5 8. cxd5
Nxd5 9. O-O Nc6 10. Rd1 Be7 11. a3 Nc7 12. Nc3 O-O 13. Bf4 Ne6 14. Nd5 Nxf4 15.
gxf4 h6 16. Ne5 Nxe5 17. Nxe7+ Qxe7 18. Bxb7 Ng4 19. Qd3 Rad8 20. Qf3 Nf6 21.
Bd5 Nxd5 22. Rxd5 Qf6 23. Rad1 Qxb2 24. Rxd7 Rxd7 25. Rxd7 a5 26. Kg2 a4 27.
Rc7 Qb3 28. f5 Rd8 29. Qg4 Qd5+ 30. e4 Qe5 31. Rc6 Rd4 32. f6 Qxe4+ 33. Qxe4
Rxe4 34. Rxb6 g5 35. Rb7 Rc4 36. Ra7 g4 37. Kg3 Kh7 38. Rxf7+ Kg6 39. Rf8 h5
40. h4 gxh3 41. Kxh3 Rc3+ 42. Kg2 h4 43. f3 Rxa3 44. f7 Rc3 45. Ra8 Kxf7 46.
Rxa4 c4 47. Kh3 Ke6 48. Kxh4 Kd5 49. Kg3 Rb3 50. Kf2 Kd4 51. Ke2 Rb2+ 52. Kd1
Kd3 53. Kc1 Rh2 0-1

[Event "2BLS 1819 OSG Baden-Baden II - SV Gries"]
[Site "?"]
[Date "2019.03.23"]
[Round "9.3"]
[White "Walter, Stefan"]
[Black "Martin, Julian"]
[Result "1-0"]
[WhiteElo "2401"]
[BlackElo "2375"]
[PlyCount "94"]
[EventDate "2019.??.??"]

1. d4 Nf6 2. c4 g6 3. Nc3 d5 4. Nf3 Bg7 5. Bg5 Ne4 6. cxd5 Nxg5 7. Nxg5 e6 8.
Nf3 exd5 9. e3 a5 10. Be2 O-O 11. O-O Re8 12. a3 c6 13. Ne1 Bf8 14. Nd3 Nd7 15.
Re1 Bd6 16. Bf1 Nf6 17. g3 h5 18. Bg2 Bf5 19. Rc1 h4 20. Nc5 Rb8 21. Qd2 hxg3
22. hxg3 Bf8 23. Rcd1 b6 24. Nd3 Bd6 25. Nf4 Kg7 26. Rc1 Qd7 27. f3 g5 28. Nfe2
Bg6 29. e4 dxe4 30. Nxe4 Nxe4 31. fxe4 c5 32. Rcd1 Qe7 33. e5 Bc7 34. Nc3 Rbd8
35. Nd5 Rxd5 36. Bxd5 Rd8 37. dxc5 Qxc5+ 38. Kg2 b5 39. b4 axb4 40. axb4 Qe7
41. Qc3 Bb6 42. Bf3 Rxd1 43. Rxd1 Qc7 44. Qxc7 Bxc7 45. e6 Kf8 46. Rd7 Be5 47.
e7+ Ke8 1-0

[Event "2BLS 1819 OSG Baden-Baden II - SV Gries"]
[Site "?"]
[Date "2019.03.23"]
[Round "9.4"]
[White "Riff, Jean-Noel"]
[Black "Baskin, Robert"]
[Result "1-0"]
[WhiteElo "2493"]
[BlackElo "2395"]
[PlyCount "97"]
[EventDate "2019.??.??"]

1. e4 c6 2. d4 d5 3. exd5 cxd5 4. Bd3 Nc6 5. c3 Nf6 6. h3 g6 7. Nf3 Bf5 8. Be2
Qc7 9. O-O Bg7 10. Nbd2 O-O 11. a3 Rad8 12. Re1 Ne4 13. Nf1 e5 14. dxe5 d4 15.
cxd4 Qb6 16. Be3 Nxe5 17. Nxe5 Bxe5 18. dxe5 Rxd1 19. Bxb6 Rxa1 20. Rxa1 axb6
21. Rc1 Nc5 22. Ne3 Rd8 23. Nc4 Nb3 24. Rd1 Rc8 25. Nd6 Rc2 26. Bc4 Be6 27.
Bxe6 fxe6 28. Nxb7 Nd2 29. Nd8 Rxb2 30. Nxe6 Rb1 31. Rxb1 Nxb1 32. f4 Nxa3 33.
Kf2 h6 34. Ke3 Kf7 35. Nc7 Nc2+ 36. Ke4 h5 37. g4 hxg4 38. hxg4 Na3 39. f5
gxf5+ 40. gxf5 Nc4 41. Kd4 Nd2 42. e6+ Ke7 43. Nd5+ Kd6 44. e7 Kd7 45. f6 Nf3+
46. Ke4 Ng5+ 47. Kf5 Nf7 48. Nxb6+ Ke8 49. Nd5 1-0

[Event "2BLS 1819 OSG Baden-Baden II - SV Gries"]
[Site "?"]
[Date "2019.03.23"]
[Round "9.5"]
[White "Spitzl, Vinzent"]
[Black "Bellahcene, Bilel"]
[Result "0-1"]
[WhiteElo "2270"]
[BlackElo "2560"]
[PlyCount "56"]
[EventDate "2019.??.??"]

1. Nf3 Nf6 2. b3 g6 3. Bb2 Bg7 4. c4 O-O 5. e3 d6 6. Be2 e5 7. d4 e4 8. Nfd2
Re8 9. Nc3 c6 10. Qc2 d5 11. cxd5 cxd5 12. O-O h5 13. Rfc1 Nc6 14. Ba3 Bf5 15.
Nf1 h4 16. h3 Rc8 17. Qd1 Nh7 18. Na4 Ng5 19. Nh2 Ne6 20. Bb2 Bf8 21. Ng4 Bxg4
22. hxg4 Bd6 23. Nc5 Bb8 24. Nxe6 Rxe6 25. Kf1 Qd6 26. Ke1 Qh2 27. Bf1 Qg1 28.
Rc2 Rf6 0-1

[Event "2BLS 1819 OSG Baden-Baden II - SV Gries"]
[Site "?"]
[Date "2019.03.23"]
[Round "9.6"]
[White "Schmaltz, Roland"]
[Black "Grimm, Julius"]
[Result "1-0"]
[WhiteElo "2452"]
[BlackElo "2308"]
[PlyCount "61"]
[EventDate "2019.??.??"]

1. e4 c6 2. d4 d5 3. e5 Bf5 4. Nf3 e6 5. Be2 Nd7 6. O-O Bg6 7. Nbd2 Nh6 8. Nb3
Nf5 9. c3 Be7 10. Ne1 f6 11. exf6 gxf6 12. Nd3 Qc7 13. Nf4 e5 14. Ne6 Qd6 15.
Nec5 Nxc5 16. dxc5 Qc7 17. f4 h5 18. fxe5 fxe5 19. Bd3 Qd7 20. Qe2 Qe6 21. Bf4
e4 22. Rae1 O-O-O 23. c4 Bf6 24. cxd5 cxd5 25. c6 Be5 26. cxb7+ Kb8 27. Bxe5+
Qxe5 28. Ba6 Qd6 29. Rc1 Qb6+ 30. Kh1 Ne3 31. Nc5 1-0

[Event "2BLS 1819 OSG Baden-Baden II - SV Gries"]
[Site "?"]
[Date "2019.03.23"]
[Round "9.7"]
[White "Grabarczyk, Bogdan"]
[Black "Mutschnik, Illya"]
[Result "0-1"]
[WhiteElo "2378"]
[BlackElo "2398"]
[PlyCount "80"]
[EventDate "2019.??.??"]

1. e4 c5 2. Nf3 e6 3. d4 cxd4 4. Nxd4 Nc6 5. Nb5 d6 6. c4 Nf6 7. N1c3 a6 8. Na3
Qc7 9. Be2 b6 10. O-O Bb7 11. f4 Be7 12. Bf3 O-O 13. Be3 Nb8 14. Rc1 Nbd7 15.
Qe2 Rac8 16. Bf2 h6 17. Rfe1 Qb8 18. Nab1 Rfe8 19. Nd2 Qa8 20. Red1 Qb8 21. a3
Bc6 22. b4 Kh8 23. Nb3 g5 24. b5 axb5 25. Nd4 Ba8 26. Ndxb5 gxf4 27. Qd2 e5 28.
Nd5 Bxd5 29. cxd5 Nc5 30. Qb4 Rg8 31. Nc3 Ng4 32. Rb1 Nxf2 33. Kxf2 Qa7 34. Kg1
Ra8 35. Nb5 Qd7 36. Kh1 Ra4 37. Qe1 f5 38. Nc3 Rxa3 39. exf5 Qxf5 40. Ne4 Re3
0-1

[Event "2BLS 1819 OSG Baden-Baden II - SV Gries"]
[Site "?"]
[Date "2019.03.23"]
[Round "9.8"]
[White "Kachiani-Gersinska, Ketino"]
[Black "De Visser, Leon"]
[Result "1-0"]
[WhiteElo "2304"]
[BlackElo "2228"]
[PlyCount "75"]
[EventDate "2019.??.??"]

1. d4 Nf6 2. c4 c5 3. d5 b5 4. Nf3 Bb7 5. a4 Qa5+ 6. Bd2 b4 7. Bg5 d6 8. Nbd2
Nbd7 9. e4 g6 10. h3 Bg7 11. Bd3 Qc7 12. a5 O-O 13. O-O e5 14. g4 Rae8 15. Re1
Bc8 16. Nh4 Kh8 17. Ndf3 Ng8 18. Qc1 Bf6 19. Bd2 Qd8 20. Ng2 Bg7 21. Bc2 a6 22.
Kf1 Nb8 23. Ne3 Bh6 24. Ba4 Re7 25. g5 Bxh3+ 26. Ke2 Bg7 27. Rh1 Bd7 28. Rh2
Bxa4 29. Rxa4 f5 30. Qh1 Bh6 31. gxh6 f4 32. Nc2 Nf6 33. Ng5 Qd7 34. Ra1 b3 35.
Ne1 Qg4+ 36. Nef3 Nxe4 37. Nxe4 Qf5 38. Nfg5 1-0

[Event "2BLS 1819 SC Emmendingen - SC Heusensta"]
[Site "?"]
[Date "2019.03.23"]
[Round "9.1"]
[White "Sadzikowski, Daniel"]
[Black "Bauer, Christian"]
[Result "1-0"]
[WhiteElo "2521"]
[BlackElo "2654"]
[PlyCount "49"]
[EventDate "2019.??.??"]

1. e4 e6 2. d4 d5 3. Nc3 Nc6 4. e5 a6 5. f4 Nh6 6. Nf3 f6 7. Bd3 Nb4 8. O-O c5
9. Kh1 Qc7 10. f5 Nxd3 11. Bxh6 cxd4 12. Qxd3 dxc3 13. exf6 gxh6 14. Rae1 Bd7
15. f7+ Kd8 16. fxe6 Bb5 17. Qd4 Bxf1 18. Qxh8 Bxg2+ 19. Kxg2 Ke7 20. bxc3 Rc8
21. Qd4 Qxc3 22. Qh4+ Kd6 23. e7 Qg7+ 24. Kh1 Qxf7 25. exf8=Q+ 1-0

[Event "2BLS 1819 SC Emmendingen - SC Heusensta"]
[Site "?"]
[Date "2019.03.23"]
[Round "9.2"]
[White "Rausis, Igors"]
[Black "Krejci, Jan"]
[Result "1/2-1/2"]
[WhiteElo "2657"]
[BlackElo "2570"]
[PlyCount "31"]
[EventDate "2019.??.??"]

1. Nf3 d5 2. c4 d4 3. e3 Nc6 4. exd4 Nxd4 5. Nxd4 Qxd4 6. Nc3 c6 7. d3 Nh6 8.
Be2 g6 9. Be3 Qd7 10. Qd2 Nf5 11. d4 Nxe3 12. fxe3 Bh6 13. O-O O-O 14. Rf3 Qc7
15. Raf1 Bg4 16. Rg3 1/2-1/2

[Event "2BLS 1819 SC Emmendingen - SC Heusensta"]
[Site "?"]
[Date "2019.03.23"]
[Round "9.3"]
[White "Polak, Tomas"]
[Black "Hera, Imre Jr"]
[Result "1/2-1/2"]
[WhiteElo "2514"]
[BlackElo "2605"]
[PlyCount "41"]
[EventDate "2019.??.??"]

1. d4 d5 2. c4 c6 3. Nc3 Nf6 4. e3 Bf5 5. cxd5 cxd5 6. Qb3 Bc8 7. Nf3 e6 8. Bd3
Nc6 9. O-O Be7 10. Bd2 O-O 11. Rfc1 Bd7 12. a3 Rc8 13. Qa2 Bd6 14. b4 a6 15. b5
axb5 16. Nxb5 Bb8 17. Nc3 Na5 18. Rab1 Bc6 19. Ne2 Re8 20. Bb4 Nd7 21. Ng3
1/2-1/2